000 03529nab a2200325 i 4500
003 BR-BrBNA
005 20241223101740.0
008 241223b2015 bl.|r|pooa||| 00| 0 eng |
040 _aBR-BrBNA
_beng
072 _aL70
_b5600
100 _aAmaral, A.V.C.
100 _aSilva, G.A.
100 _aCosta, A.P.A.
100 _aOliveira, K.S.
100 _aJordão, P.
100 _aRibeiro, A.P.
100 _aRenzo, R.
100 _aLaus, J.L.
245 _aElectroretinography and immunohistochemistry of retina in rabbits treated with sildenafil citrate
500 _aPublicação online; 16 ref.; 10 illus.; Summaries (En, Pt)
520 _a ABSTRACT - Sildenafil citrate is a type-5 phosphodiesterase inhibitor (PDE-5), able to inhibit type-6 phosphodiesterase (PDE-6) as well, providing clinical benefits and paraeffects, some of them potentially related to the retina. The effects of the sildenafil on the retrobulbar and retinal circulation were studied in 27 adult male rabbits of the White New Zealand breed. The electric activity of the retina was evaluated before and at the end of the treatments, and immunohistochemistry studies were conducted. An amplitude increase of the b wave was found in the mixed response of cones and rods after 7 days of treatment with sildenafil citrate. However, in the other evaluations and periods, the values did not differ from the basal ones. Through immunohistochemistry, no significant decrease of the expression of PDE-5 and PDE-6 proteins was observed. Based on the results obtained, it is possible to admit that the sildenafil citrate did not change the expression of PDE-5 and PDE-6, neither the electroretinographic activity of the retina of male rabbits of the White New Zealand breed. Keywords: rabbit, sildenafil citrate, electroretinography, immunohistochemistry
520 _a RESUMO - O citrato de sildenafil é um inibidor da fosfodiesterase do tipo 5 (PDE-5), capaz de inibir também a fosfodiesterase do tipo 6 (PDE-6), proporcionando benefícios clínicos e paraefeitos, alguns deles potencialmente relacionados à retina. Foram estudados efeitos do sildenafil sobre a circulação retrobulbar e a retiniana em 27 coelhos machos adultos, da raça Nova Zelândia Branco. Avaliou-se a atividade elétrica da retina antes e ao término dos tratamentos e realizaram-se estudos à imunoistoquímica. Encontrou-se aumento da amplitude da onda b na resposta mista de cones e de bastonetes, após 7 dias de tratamento com citrato de sildenafil. Entretanto, nas demais avaliações e períodos, os valores não divergiram dos basais. Pela imunoistoquímica, não se observou diminuição significativa da expressão das proteínas PDE-5 e PDE-6. Com base nos resultados obtidos, é possível admitir que o citrato de sildenafil não alterou a expressão de PDE-5 e PDE-6, tampouco, a atividade eletrorretinográfica da retina de coelhos machos da raça Nova Zelândia Branco. Palavras-chave: coelho, citrato de sildenafil, eletrorretinografia, imuno-histoquímica
650 _aCOELHO
650 _aRETINA
650 _aVETERINÁRIA
773 0 _01643
_9315898
_dBelo Horizonte-MG Universidade Federal de Minas Gerais - Escola de Veterinaria 1983
_o2024-2263
_tArquivo Brasileiro de Medicina Veterinária e Zootecnia (Brazil)
_x0102-0935
_gv. 67(6) p. 1589-1598; (2015)
_wBR2024004238
856 _uhttps://www.scielo.br/j/abmvz/a/Jz3MN3gTfdjZZdN7KqFR8ZD/?format=pdf&lang=en
942 _cANA
999 _c329406
_d329406